[Event "297th YMCA Winter B"]
[Site "Warsaw"]
[Date "2025.03.05"]
[Round "8"]
[White "Kania, Tomasz"]
[Black "Kwiecinski, Rafal"]
[Result "0-1"]
[WhiteElo "1818"]
[BlackElo "1756"]
[PlyCount "100"]
[EventDate "2025.01.09"]
[EventType "tourn"]
[EventRounds "1"]
[EventCountry "POL"]
[SourceDate "2025.01.09"]

1. d4 c5 2. d5 d6 3. c4 e5 4. e4 g6 5. Nc3 a6 6. Be2 Bg7 7. h4 h5 8. Nf3 f6 9.
Nh2 Nh6 10. Be3 Nd7 11. Qd2 Nb6 12. O-O-O Bd7 13. Rhg1 Qe7 14. f3 Nf7 15. g3
Nc8 16. Rh1 Na7 17. Rdg1 b5 18. Nf1 bxc4 19. Bxc4 Nb5 20. g4 Nd4 21. Qg2 hxg4
22. fxg4 Bb5 23. Nd2 Rb8 24. Qf1 Qd7 25. Rh2 Ke7 26. h5 g5 27. Rf2 Nh6 28. Qd1
Rb7 29. Bxb5 axb5 30. Nb3 Ra8 31. a3 b4 32. Bxd4 cxd4 33. Nb1 Rc8+ 34. Kd2 bxa3
35. Nxa3 Qa4 36. Rg3 Rcb8 37. Rff3 Nxg4 38. Rxg4 Rxb3 39. Rxb3 Rxb3 40. Qc2
Qa5+ 41. Kd1 Rh3 42. Qc6 Rd3+ 43. Kc2 Qd2+ 44. Kb1 Qd1+ 45. Ka2 Qxg4 46. h6
Bxh6 47. Nb5 Qd7 48. Qc4 Re3 49. Nc7 g4 50. b4 Rc3 0-1

[Event "297th YMCA Winter B"]
[Site "Warsaw"]
[Date "2025.03.06"]
[Round "9"]
[White "Kwiecinski, Rafal"]
[Black "Szewczak, Andrzej"]
[Result "1-0"]
[WhiteElo "1756"]
[BlackElo "1797"]
[PlyCount "91"]
[EventDate "2025.01.09"]
[EventType "tourn"]
[EventRounds "1"]
[EventCountry "POL"]
[SourceDate "2025.01.09"]

1. e4 e5 2. Nf3 Nc6 3. Bc4 Bc5 4. O-O Qf6 5. Nc3 Nge7 6. d3 h6 7. Be3 Nd4 8.
Bxd4 exd4 9. Nb5 Qb6 10. b4 Bxb4 11. Nbxd4 Qg6 12. Ne5 Qb6 13. Bxf7+ Kf8 14.
Nf5 Qf6 15. Nxe7 Bxe7 16. Qh5 g5 17. Bb3 Kg7 18. f4 Bc5+ 19. Kh1 Rf8 20. Ng4
Qg6 21. Qxg6+ Kxg6 22. f5+ Kg7 23. Rad1 Bd4 24. h3 d6 25. Rb1 h5 26. Nh2 g4 27.
hxg4 hxg4 28. g3 Be5 29. Nxg4 Bxg3 30. Kg2 Bh4 31. Rh1 Rh8 32. Kf3 Bd7 33. Bd5
Bc6 34. Bxc6 bxc6 35. Rb7 Rac8 36. Rxa7 Kf7 37. Ne3 Ke7 38. a4 Bf6 39. Rxh8
Bxh8 40. a5 Bd4 41. Rb7 Kd7 42. Nc4 Rh8 43. Nb6+ Ke7 44. Rxc7+ Kf6 45. Rxc6 Kg5
46. Rxd6 1-0

[Event "297th YMCA Winter B"]
[Site "Warsaw"]
[Date "2025.03.06"]
[Round "9"]
[White "Kasperski, Marcin"]
[Black "Kania, Tomasz"]
[Result "0-1"]
[WhiteElo "1759"]
[BlackElo "1818"]
[PlyCount "92"]
[EventDate "2025.01.09"]
[EventType "tourn"]
[EventRounds "1"]
[EventCountry "POL"]
[SourceDate "2025.01.09"]

1. e4 c5 2. f4 Nc6 3. Nf3 e6 4. c4 d6 5. Nc3 g6 6. Be2 Bg7 7. O-O Nge7 8. d3
O-O 9. a3 d5 10. Qe1 Nd4 11. Nxd4 cxd4 12. Nb1 dxe4 13. dxe4 d3 14. Bf3 Qd4+
15. Kh1 Qxc4 16. Nd2 Qa6 17. Rb1 e5 18. g3 Be6 19. b4 Rfd8 20. Nb3 Bxb3 21.
Rxb3 d2 22. Bxd2 Rxd2 23. b5 Qd6 24. f5 Rd8 25. Be2 gxf5 26. Rbf3 Qd4 27. exf5
Qe4 28. f6 Bxf6 29. Bd3 Qxe1 30. Rxe1 R8xd3 31. Rxf6 Rd1 32. Rff1 Rxe1 33. Rxe1
f6 34. Rc1 Rd7 35. Rc4 Nf5 36. Kg1 Kf7 37. Ra4 b6 38. Kf2 Nd4 39. Rb4 Ke6 40.
g4 e4 41. Rb2 Ke5 42. Ke3 Rc7 43. a4 Rc3+ 44. Kf2 e3+ 45. Kf1 Rc1+ 46. Kg2 e2
0-1

[Event "297th YMCA Winter B"]
[Site "Warsaw"]
[Date "2025.03.07"]
[Round "9"]
[White "Sucharski, Jakub"]
[Black "Pietrzak, Wojciech"]
[Result "0-1"]
[WhiteElo "1736"]
[BlackElo "1818"]
[PlyCount "74"]
[EventDate "2025.01.09"]
[EventType "tourn"]
[EventRounds "1"]
[EventCountry "POL"]
[SourceDate "2025.01.09"]

1. e4 e6 2. d4 d5 3. Nd2 dxe4 4. Nxe4 Bd7 5. Nf3 Bc6 6. Bd3 Nd7 7. O-O Ngf6 8.
Ng3 Be7 9. Ne5 Nxe5 10. dxe5 Qd5 11. f3 Qxe5 12. Re1 Bc5+ 13. Kh1 Qd6 14. Nf5
Qf8 15. Bc4 Bd7 16. Qe2 O-O-O 17. Ne3 h5 18. Bd2 h4 19. b4 Nh5 20. Qf2 Bb6 21.
a4 a6 22. a5 Ba7 23. Reb1 Ng3+ 24. Kg1 Nf5 25. Rb3 Nd4 26. Rb2 Bc6 27. Bd3 f5
28. Kf1 h3 29. Be2 f4 30. Nc4 Nb5 31. Nb6+ Bxb6 32. axb6 Rxd2 33. Ke1 Qd6 34.
bxc7 hxg2 35. Qxg2 Nc3 36. Rxa6 Rd1+ 37. Kf2 Qd4# 0-1

[Event "297th YMCA Winter B"]
[Site "Warsaw"]
[Date "2025.03.06"]
[Round "9"]
[White "Szukalski, Antoni"]
[Black "Pasternak-Winiarski, Adam"]
[Result "1/2-1/2"]
[WhiteElo "1772"]
[BlackElo "1770"]
[PlyCount "149"]
[EventDate "2025.01.09"]
[EventType "tourn"]
[EventRounds "1"]
[EventCountry "POL"]
[SourceDate "2025.01.09"]

1. d4 Nf6 2. Nf3 b6 3. Nc3 d5 4. Bf4 Bb7 5. e3 e6 6. Be2 Bb4 7. O-O Bxc3 8.
bxc3 Ne4 9. Qe1 g5 10. Bg3 h5 11. h4 Nd7 12. c4 dxc4 13. Bxc4 Nxg3 14. fxg3
gxh4 15. Nxh4 Qg5 16. Qf2 Rh7 17. Qf4 Qxf4 18. Rxf4 Ke7 19. Raf1 Rg8 20. Bd3
Rhg7 21. e4 c6 22. Be2 f6 23. Bxh5 Rxg3 24. Be2 Ra3 25. Ra1 Ba6 26. Rf3 Ra4 27.
Bxa6 Rxa6 28. g3 Ra4 29. c3 Rg4 30. Re3 c5 31. d5 Rgxe4 32. Ng6+ Kd6 33. Rxe4
Rxe4 34. dxe6 Kxe6 35. Kf2 Ra4 36. Nf4+ Kf7 37. Ke3 Ne5 38. Nd5 Ke6 39. Nf4+
Ke7 40. Nd5+ Kf7 41. Rf1 Ng4+ 42. Kd3 Ke6 43. Nf4+ Kf7 44. Ra1 Nf2+ 45. Ke3 Ne4
46. Rd1 Nxg3 47. Rd7+ Ke8 48. Rb7 Nf5+ 49. Kf3 Rxa2 50. Nd5 Ra1 51. Nxf6+ Kd8
52. Kf4 Kc8 53. Rh7 Nd6 54. Ke5 Rd1 55. Rxa7 Nb7 56. Nd5 Re1+ 57. Kf4 Rf1+ 58.
Ke3 b5 59. Kd2 Kb8 60. Ra6 Rf5 61. Ne3 Rh5 62. Rb6 c4 63. Rg6 Kc7 64. Kc2 Rh2+
65. Kc1 Nd6 66. Rg5 Kc6 67. Rg6 Rf2 68. Nd1 Rh2 69. Ne3 Kd7 70. Rg7+ Ke6 71.
Rg6+ Kd7 72. Rg7+ Kc6 73. Rg6 Rf2 74. Rh6 Kc7 75. Rh7+ 1/2-1/2

[Event "297th YMCA Winter B"]
[Site "Warsaw"]
[Date "2025.03.07"]
[Round "9"]
[White "Korsun, Wadym"]
[Black "Pajak, Jakub"]
[Result "1/2-1/2"]
[WhiteElo "1799"]
[BlackElo "1865"]
[PlyCount "91"]
[EventDate "2025.01.09"]
[EventType "tourn"]
[EventRounds "1"]
[EventCountry "POL"]
[SourceDate "2025.01.09"]

1. e4 c5 2. Nc3 Nc6 3. g3 g6 4. Bg2 Bg7 5. Nge2 d6 6. O-O e5 7. d3 Nge7 8. f4
O-O 9. Be3 Nd4 10. Qd2 b5 11. a4 b4 12. Nd1 b3 13. Bxd4 bxc2 14. Ne3 cxd4 15.
Nc4 Ba6 16. Qxc2 Rc8 17. fxe5 dxe5 18. Rad1 Qb6 19. b3 Qb4 20. Rb1 Nc6 21. Nc1
Qe7 22. Na2 Nb4 23. Nxb4 Qxb4 24. Rf2 Bh6 25. Rf6 Be3+ 26. Kh1 Bxc4 27. bxc4
Qe7 28. Rff1 Rb8 29. Rb3 Qc5 30. Rfb1 Rb6 31. Rb5 Qa3 32. Rxb6 axb6 33. Rxb6
Ra8 34. c5 Qxa4 35. Qxa4 Rxa4 36. Bh3 Ra1+ 37. Kg2 Ra2+ 38. Kf1 Ra1+ 39. Ke2
Ra2+ 40. Ke1 Ra1+ 41. Ke2 Ra2+ 42. Kf1 Ra1+ 43. Kg2 Ra2+ 44. Kh1 Ra1+ 45. Kg2
Ra2+ 46. Kh1 1/2-1/2

[Event "297th YMCA Winter B"]
[Site "Warsaw"]
[Date "2025.03.14"]
[Round "9"]
[White "Malicka, Magdalena"]
[Black "Jaroszuk, Marcin"]
[Result "1/2-1/2"]
[WhiteElo "1723"]
[BlackElo "1733"]
[PlyCount "80"]
[EventDate "2025.01.09"]
[EventType "tourn"]
[EventRounds "1"]
[EventCountry "POL"]
[SourceDate "2025.01.09"]

1. e4 e5 2. Nf3 Nc6 3. Nc3 Nf6 4. Nd5 d6 5. d4 Bg4 6. Bb5 a6 7. Bxc6+ bxc6 8.
Nxf6+ Qxf6 9. dxe5 dxe5 10. Be3 Rb8 11. Rb1 Be7 12. h3 Bxf3 13. Qxf3 Qxf3 14.
gxf3 f6 15. Ke2 Kf7 16. Rhd1 Rhd8 17. f4 exf4 18. Rxd8 Rxd8 19. Bxf4 Bd6 20.
Rd1 g5 21. Be3 Re8 22. Rd4 Rb8 23. b3 Rb4 24. c4 Kg6 25. Kf3 Rb8 26. Rd3 Rd8
27. Bd2 h5 28. Ba5 Be7 29. Rxd8 Bxd8 30. Ke3 c5 31. f3 Kf7 32. f4 Ke6 33. Kf3
Kd7 34. e5 fxe5 35. fxe5 Ke6 36. Ke4 g4 37. hxg4 hxg4 38. Be1 c6 39. Bg3 Bc7
40. Bh2 Bb8 $11 1/2-1/2

[Event "297th YMCA Winter B"]
[Site "Warsaw"]
[Date "2025.03.13"]
[Round "10"]
[White "Szewczak, Andrzej"]
[Black "Jaroszuk, Marcin"]
[Result "1-0"]
[WhiteElo "1797"]
[BlackElo "1733"]
[PlyCount "65"]
[EventDate "2025.01.09"]
[EventType "tourn"]
[EventRounds "1"]
[EventCountry "POL"]
[SourceDate "2025.01.09"]

1. b4 Nf6 2. Bb2 e6 3. b5 a6 4. a4 axb5 5. axb5 Rxa1 6. Bxa1 d5 7. e3 c6 8. Nf3
Bd6 9. c4 dxc4 10. Bxc4 cxb5 11. Bxb5+ Bd7 12. Bxf6 gxf6 13. Bxd7+ Qxd7 14. Nc3
f5 15. Qb3 Nc6 16. Ke2 O-O 17. Rb1 Rb8 18. Nb5 Bf8 19. Nbd4 Bd6 20. Qb5 Nxd4+
21. Nxd4 Qxb5+ 22. Nxb5 Be7 23. d4 Rc8 24. Kd3 Kf8 25. Nc3 Rc7 26. Rb5 Bd6 27.
h3 Ke7 28. g4 Bh2 29. gxf5 Bg1 30. Ne4 exf5 31. Rxf5 Rc1 32. Rb5 Rc7 33. f4 1-0

[Event "297th YMCA Winter B"]
[Site "Warsaw"]
[Date "2025.03.11"]
[Round "10"]
[White "Pietrzak, Wojciech"]
[Black "Szukalski, Antoni"]
[Result "1/2-1/2"]
[WhiteElo "1818"]
[BlackElo "1772"]
[PlyCount "87"]
[EventDate "2025.01.09"]
[EventType "tourn"]
[EventRounds "1"]
[EventCountry "POL"]
[SourceDate "2025.01.09"]

1. e4 d6 2. d4 g6 3. Nc3 Bg7 4. Nf3 Nf6 5. Be2 a6 6. a4 Bg4 7. O-O O-O 8. h3
Bxf3 9. Bxf3 e5 10. dxe5 dxe5 11. Be3 Nc6 12. Ne2 Qxd1 13. Rfxd1 Rfd8 14. c3
Na5 15. b4 Nc4 16. Bg5 h6 17. Bxf6 Bxf6 18. Ng3 Nb2 19. Rdb1 Nd3 20. Nf1 Nf4
21. Rd1 Kf8 22. h4 Rxd1 23. Rxd1 Rd8 24. Rxd8+ Bxd8 25. g3 Ne6 26. Ne3 h5 27.
Nc4 Bf6 28. Na5 b6 29. Nb3 c5 30. a5 bxa5 31. bxa5 Be7 32. Be2 Nc7 33. Kf1 Ke8
34. Nd2 f6 35. f4 exf4 36. gxf4 Kf8 37. f5 Kg7 38. Kg2 Kh6 39. fxg6 Kxg6 40.
Bd3 Kh6 41. Kg3 Bd6+ 42. Kf3 Be5 43. Nb3 Bxc3 44. Nxc5 $11 1/2-1/2

[Event "297th YMCA Winter B"]
[Site "Warsaw"]
[Date "2025.03.13"]
[Round "10"]
[White "Kania, Tomasz"]
[Black "Sucharski, Jakub"]
[Result "1/2-1/2"]
[WhiteElo "1818"]
[BlackElo "1736"]
[PlyCount "131"]
[EventDate "2025.01.09"]
[EventType "tourn"]
[EventRounds "1"]
[EventCountry "POL"]
[SourceDate "2025.01.09"]

1. e4 c5 2. Nf3 e6 3. g3 d5 4. exd5 exd5 5. d4 Nf6 6. Bg2 Nc6 7. O-O Be7 8.
dxc5 Bxc5 9. Re1+ Ne4 10. Be3 Bxe3 11. Rxe3 O-O 12. Nbd2 f5 13. Re2 Qb6 14. Nb3
Be6 15. Nfd4 Nxd4 16. Qxd4 Qc7 17. f3 Ng5 18. Rae1 Bf7 19. Re7 Qd6 20. h4 Ne4
21. Rxf7 Rxf7 22. fxe4 Qxg3 23. Re3 Qxh4 24. exd5 f4 25. d6 Qg5 26. Re5 Qg6 27.
d7 Rff8 28. Qd5+ Kh8 29. Nd4 Rad8 30. Nf3 Qg4 31. Re7 h6 32. Ne5 Qg3 33. Nf7+
Kh7 34. Qe4+ Kg8 35. Nxh6+ Kh8 36. Nf5 Qg6 37. Nxg7 Qxe4 38. Bxe4 Rg8 39. Kf2
Rxg7 40. Re8+ Rg8 41. Rxd8 Rxd8 42. Bf5 Kg7 43. Kf3 Kf6 44. Kxf4 Ra8 45. a4 Ke7
46. b3 a5 47. Ke4 Ra6 48. Kd4 Rd6+ 49. Ke5 Rd2 50. Ke4 Rxc2 51. Kd4 Rf2 52. Be4
Rd2+ 53. Kc4 Rxd7 54. Kb5 Rd4 55. Bxb7 Rb4+ 56. Ka6 Rxb3 57. Bc6 Kd6 58. Bb5
Kc7 59. Kxa5 Kb7 60. Ba6+ Kc6 61. Bb5+ Kc5 62. Ka6 Re3 63. Kb7 Re7+ 64. Ka8 Kd6
65. Kb8 Rc7 66. Be8 1/2-1/2

[Event "297th YMCA Winter B"]
[Site "Warsaw"]
[Date "2025.03.13"]
[Round "10"]
[White "Kwiecinski, Rafal"]
[Black "Kasperski, Marcin"]
[Result "1/2-1/2"]
[WhiteElo "1756"]
[BlackElo "1759"]
[PlyCount "115"]
[EventDate "2025.01.09"]
[EventType "tourn"]
[EventRounds "1"]
[EventCountry "POL"]
[SourceDate "2025.01.09"]

1. e4 d6 2. d4 Nf6 3. Bd3 g6 4. Ne2 Bg7 5. O-O O-O 6. c3 c6 7. Nd2 Nbd7 8. Kh1
e5 9. f3 d5 10. Nb3 dxe4 11. fxe4 Ng4 12. Qe1 exd4 13. cxd4 Nde5 14. Qg3 Nxd3
15. Qxd3 Qh4 16. Qg3 Qxg3 17. Nxg3 b6 18. h3 Nh6 19. Be3 f6 20. Rac1 Bb7 21.
Nd2 Nf7 22. Nc4 Rad8 23. Rfd1 Nd6 24. Bf4 Nxc4 25. Rxc4 Rd7 26. Ra4 a6 27. Rb4
b5 28. Rb3 c5 29. d5 f5 30. exf5 Rxd5 31. Rxd5 Bxd5 32. Rd3 Bxa2 33. Ra3 Bb1
34. Rxa6 Bxb2 35. Bd6 Rc8 36. Rb6 Bd3 37. fxg6 hxg6 38. h4 Bd4 39. Bf4 Kf7 40.
Kh2 b4 41. Kh3 Bc3 42. Bd6 c4 43. h5 gxh5 44. Nxh5 b3 45. Nf4 Bf5+ 46. g4 Be4
47. Ne2 Bf6 48. Ba3 Be5 49. g5 Ra8 50. Bc1 Bd3 51. Ng1 Ra1 52. Nf3 Bc3 53. Bf4
Ra5 54. Bd2 Bxd2 55. Nxd2 Ra2 56. Nxb3 Rb2 57. Rf6+ Kg7 58. Nd4 $11 1/2-1/2

[Event "297th YMCA Winter B"]
[Site "Warsaw"]
[Date "2025.03.20"]
[Round "11"]
[White "Kasperski, Marcin"]
[Black "Szewczak, Andrzej"]
[Result "0-1"]
[WhiteElo "1759"]
[BlackElo "1797"]
[PlyCount "96"]
[EventDate "2025.01.09"]
[EventType "tourn"]
[EventRounds "1"]
[EventCountry "POL"]
[SourceDate "2025.01.09"]

1. c4 e5 2. g3 c5 3. Bg2 Nc6 4. Nc3 d6 5. d3 f5 6. Nf3 Nf6 7. e3 g6 8. Bd2 Bg7
9. Qe2 O-O 10. h4 h6 11. e4 Nd4 12. Nxd4 exd4 13. Nd5 Nxd5 14. cxd5 Bd7 15. O-O
b5 16. Bf4 Qe7 17. Qd2 Kh7 18. Rae1 fxe4 19. Rxe4 Qf6 20. Rfe1 Rae8 21. Rxe8
Rxe8 22. Rxe8 Bxe8 23. Qe2 Bd7 24. b3 b4 25. Be4 Bf8 26. h5 Bf5 27. hxg6+ Bxg6
28. f3 Kg7 29. Bxg6 Qxg6 30. Qe4 Qxe4 31. fxe4 h5 32. Kg2 Kf6 33. Kh3 Be7 34.
g4 hxg4+ 35. Kxg4 a5 36. Bg5+ Kf7 37. Bxe7 Kxe7 38. Kg5 c4 39. bxc4 a4 40. e5
b3 41. axb3 axb3 42. Kf5 b2 43. Ke4 b1=Q 44. exd6+ Kxd6 45. Kxd4 Qb2+ 46. Ke3
Ke5 47. d6 Qd4+ 48. Ke2 Qxd6 0-1

[Event "297th YMCA Winter B"]
[Site "Warsaw"]
[Date "2025.03.20"]
[Round "11"]
[White "Sucharski, Jakub"]
[Black "Kwiecinski, Rafal"]
[Result "1-0"]
[WhiteElo "1736"]
[BlackElo "1756"]
[PlyCount "69"]
[EventDate "2025.01.09"]
[EventType "tourn"]
[EventRounds "1"]
[EventCountry "POL"]
[SourceDate "2025.01.09"]

1. d4 d5 2. c4 e6 3. Nf3 Nf6 4. cxd5 exd5 5. Nc3 Be7 6. Bg5 O-O 7. e3 Re8 8.
Qb3 c6 9. Bd3 Nbd7 10. O-O h6 11. Bh4 Nb6 12. Rfe1 Be6 13. Nd2 c5 14. Qc2 c4
15. Bf5 Qd7 16. Bxe6 Qxe6 17. e4 Qd7 18. e5 Nh7 19. Bxe7 Rxe7 20. Nf1 Rae8 21.
f4 f6 22. Ne3 fxe5 23. fxe5 Rf8 24. a4 a5 25. Qg6 Re6 26. Qg4 g5 27. Rf1 Rxf1+
28. Rxf1 Nf8 29. Qf3 Ng6 30. Ncxd5 Nxd5 31. Nxd5 Kg7 32. Ne3 Nf4 33. Nf5+ Kg6
34. Qe4 Qd5 35. Ne7+ 1-0

[Event "297th YMCA Winter B"]
[Site "Warsaw"]
[Date "2025.03.20"]
[Round "11"]
[White "Szukalski, Antoni"]
[Black "Kania, Tomasz"]
[Result "0-1"]
[WhiteElo "1772"]
[BlackElo "1818"]
[PlyCount "100"]
[EventDate "2025.01.09"]
[EventType "tourn"]
[EventRounds "1"]
[EventCountry "POL"]
[SourceDate "2025.01.09"]

1. d4 Nf6 2. Nf3 e6 3. c4 b6 4. Bf4 Bb7 5. Nc3 Bb4 6. a3 Bxc3+ 7. bxc3 Ne4 8.
Qc2 f5 9. h3 d6 10. e3 g5 11. Bh2 h5 12. Rg1 Nd7 13. Nd2 Nxd2 14. Qxd2 Qf6 15.
Bd3 O-O-O 16. f3 Rdf8 17. O-O-O Qe7 18. Kb2 e5 19. Rgf1 Qe6 20. g3 Ba6 21. Qe2
e4 22. fxe4 fxe4 23. Rxf8+ Rxf8 24. Bc2 Bxc4 25. Qg2 d5 26. g4 hxg4 27. Qg3 Qc6
28. Qxg4 Rf2 29. Qg3 Rf5 30. Ba4 b5 31. Bc2 Kb7 32. Rd2 Nb6 33. Rf2 Rxf2 34.
Qxf2 Na4+ 35. Bxa4 bxa4 36. Qg3 Bd3 37. Qe1 Qb5+ 38. Ka1 Qb3 39. Qc1 Kc6 40.
Bg3 Bc4 41. Qb2 Qd1+ 42. Qb1 Qd2 43. Be1 Qxe3 44. Qd1 Bb3 45. Qd2 Qf3 46. Bf2
Qxh3 47. Qe3 Qf1+ 48. Be1 Qg2 49. Qf2 Qxf2 50. Bxf2 Kb5 0-1

[Event "297th YMCA Winter B"]
[Site "Warsaw"]
[Date "2025.03.21"]
[Round "11"]
[White "Korsun, Wadym"]
[Black "Pietrzak, Wojciech"]
[Result "0-1"]
[WhiteElo "1799"]
[BlackElo "1818"]
[PlyCount "116"]
[EventDate "2025.01.09"]
[EventType "tourn"]
[EventRounds "1"]
[EventCountry "POL"]
[SourceDate "2025.01.09"]

1. d4 d5 2. c4 dxc4 3. e3 e6 4. Bxc4 Nf6 5. Nf3 c5 6. O-O Nc6 7. Nc3 cxd4 8.
exd4 Be7 9. Re1 O-O 10. Bg5 Nb4 11. Qd2 Nbd5 12. Rad1 Re8 13. Ne5 Nxc3 14. bxc3
Nd5 15. Bxe7 Rxe7 16. Bb3 a5 17. Qd3 Nf4 18. Qe4 Ng6 19. Bc2 Rc7 20. Qd3 b6 21.
Re3 Ba6 22. Qd2 Rac8 23. Bxg6 hxg6 24. Rh3 Bc4 25. Re1 Bd5 26. Rb1 Be4 27. Rb2
f6 28. Re3 Bf5 29. Nf3 g5 $11 30. h3 Rc6 31. Rb3 Bg6 32. Qb2 Bf7 33. Rb5 Qc7
34. Rb3 Qd6 35. Qe2 Qc7 36. d5 exd5 37. Nd4 Rc4 38. Re7 Qf4 39. g3 Qc1+ 40. Kg2
a4 41. Rxb6 Qxc3 42. Rbb7 R4c7 43. Nf5 Rxb7 44. Rxb7 Re8 45. Qb5 Qc2 46. Qd7
Qe4+ 47. Kh2 Qe6 48. Qxf7+ Qxf7 49. Rxf7 Kxf7 50. Nd6+ Ke7 51. Nxe8 Kxe8 52.
Kg2 Kd7 53. Kf3 Kd6 54. Ke3 Ke5 55. Kd3 f5 56. f3 d4 57. a3 Kd5 58. g4 f4 0-1

[Event "297th YMCA Winter B"]
[Site "Warsaw"]
[Date "2025.02.18"]
[Round "11"]
[White "Jaroszuk, Marcin"]
[Black "Pajak, Jakub"]
[Result "0-1"]
[WhiteElo "1733"]
[BlackElo "1865"]
[PlyCount "78"]
[EventDate "2025.01.09"]
[EventType "tourn"]
[EventRounds "1"]
[EventCountry "POL"]
[SourceDate "2025.01.09"]

1. d4 d6 2. Nf3 g6 3. g3 Bg7 4. Bg2 Bd7 5. O-O Qc8 6. c4 Nc6 7. Nc3 e5 8. dxe5
Nxe5 9. c5 Nxf3+ 10. exf3 dxc5 11. Re1+ Be6 12. Ne4 Bd4 13. Ng5 Ne7 14. Qe2 O-O
15. Nxe6 Qxe6 16. Qxe6 fxe6 17. Rxe6 Nf5 18. Bf4 Rae8 19. Rae1 Rxe6 20. Rxe6
Kf7 21. Re2 c6 22. b3 a5 23. Bc7 Bc3 24. Bf1 b5 25. Kg2 Bb4 26. a3 Bxa3 27.
Bxa5 Nd4 28. Ra2 Bb4 29. Bxb4 cxb4 30. Rb2 Ke6 31. f4 Ra8 32. Be2 Ra3 33. Bd1
Kd5 34. f3 c5 35. g4 Ra1 36. Rd2 c4 37. bxc4+ bxc4 38. Bc2 c3 39. Bb3+ Kc5 0-1